[Event "Online Olym Div2 D"]
[Site "Chess.com INT"]
[Date "2020.08.15"]
[Round "5.3"]
[White "Cramling, Pia"]
[Black "Stanford, Sheila Barth"]
[Result "1-0"]
[WhiteElo "2475"]
[BlackElo "2164"]
[PlyCount "107"]
[EventDate "2020.08.14"]
[EventType "team-tourn (rapid)"]
[EventRounds "9"]
[EventCountry "USA"]
[SourceTitle "CBM 198"]
[Source "ChessBase"]
[SourceDate "2020.10.31"]
[SourceVersion "1"]
[SourceVersionDate "2020.10.31"]
[SourceQuality "1"]
[WhiteTeam "Sweden"]
[BlackTeam "Norway"]
[WhiteTeamCountry "SWE"]
[BlackTeamCountry "NOR"]

1. Nf3 Nf6 2. c4 g6 3. Nc3 d5 4. cxd5 Nxd5 5. Qb3 Nb6 6. d4 Bg7 7. Bg5 0-0 8. Rd1 Nc6 9. d5 Ne5 10. Nd4 Bd7 11. e4 c5 12. dxc6 Nxc6 13. Nxc6 bxc6 14. Ba6 Qc7 15. 0-0 Qe5 16. Be3 Rad8 17. Qb4 Rfe8 18. h3 Qc7 19. Qc5 Qe5 20. Qb4 Qc7 21. Rc1 Qb8 22. Rfd1 Be6 23. Rxd8 Qxd8 24. Qc5 Qd6 25. b3 Rd8 26. Bb7 Qxc5 27. Bxc5 Rd2 28. Bxc6 f5 29. exf5 gxf5 30. Bxe7 Bd4 31. Bh4 Kf7 32. Bf3 Bxc3 33. Rxc3 Rxa2 34. Bh5+ Kf8 35. Rc7 Bxb3 36. Rxh7 Nc8 37. Rc7 Rc2 38. Rb7 Be6 39. Rb5 Rc1+ 40. Kh2 Rc2 41. Bg6 Nd6 42. Ra5 Kg7 43. Bh5 Nc8 44. Bf3 Rc7 45. Bg3 Rc2 46. Be5+ Kg6 47. Kg3 Rc1 48. h4 Rc4 49. Bf4 Bd7 50. h5+ Kh7 51. Re5 a6 52. Rd5 Nb6 53. Rd6 Rc6 54. Bxc6 1-0

[Event "Kragero op"]
[Site "Kragero"]
[Date "2020.02.21"]
[Round "6"]
[White "Van Dael, Siem"]
[Black "Stanford, Sheila Barth"]
[Result "1-0"]
[WhiteElo "2257"]
[BlackElo "2145"]
[PlyCount "67"]
[EventDate "2020.02.19"]
[EventType "swiss"]
[EventRounds "9"]
[EventCountry "NOR"]
[SourceTitle "CBM 195 Extra"]
[Source "ChessBase"]
[SourceDate "2020.05.31"]
[SourceVersion "1"]
[SourceVersionDate "2020.05.31"]
[SourceQuality "1"]

1. e4 d5 2. exd5 Qxd5 3. Nc3 Qd8 4. Bc4 Nf6 5. Nf3 a6 6. 0-0 e6 7. d4 b5 8. Bd3 Bb7 9. Re1 Be7 10. a4 b4 11. Ne4 Nbd7 12. b3 0-0 13. Bb2 Nxe4 14. Bxe4 Bxe4 15. Rxe4 Nf6 16. Re1 Rc8 17. Qe2 Qd6 18. Ne5 Nd5 19. c4 bxc3 20. Ba3 c5 21. dxc5 Qc7 22. Qxa6 Bf6 23. Nd3 c2 24. Rac1 Rb8 25. Qc4 Qb7 26. c6 Qxb3 27. Qxb3 Rxb3 28. Bxf8 Kxf8 29. Rxc2 Bd8 30. Nc5 Ra3 31. Na6 Ba5 32. Rec1 Nc7 33. Nxc7 Bxc7 34. Rc4 1-0

[Event "Kragero op"]
[Site "Kragero"]
[Date "2020.02.20"]
[Round "3"]
[White "Stanford, Sheila Barth"]
[Black "Hauge, Lars Oskar"]
[Result "0-1"]
[WhiteElo "2145"]
[BlackElo "2472"]
[PlyCount "74"]
[EventDate "2020.02.19"]
[EventType "swiss"]
[EventRounds "9"]
[EventCountry "NOR"]
[SourceTitle "CBM 195 Extra"]
[Source "ChessBase"]
[SourceDate "2020.05.31"]
[SourceVersion "1"]
[SourceVersionDate "2020.05.31"]
[SourceQuality "1"]

1. e4 c5 2. Nf3 Nc6 3. Bb5 Nf6 4. Bxc6 dxc6 5. e5 Nd5 6. d3 g6 7. h3 Bg7 8. 0-0 h6 9. Qe2 g5 10. a3 Bf5 11. Rd1 0-0 12. c4 Nc7 13. d4 cxd4 14. Nxd4 Qc8 15. f4 gxf4 16. Bxf4 Bg6 17. Nc3 Ne6 18. Bg3 Rd8 19. Qe3 b6 20. Nf3 Qa6 21. b3 Rxd1+ 22. Nxd1 Rd8 23. Nf2 Qa5 24. b4 Qa4 25. Rc1 c5 26. bxc5 Nxc5 27. Nh4 Qb3 28. Rc3 Qb2 29. Nxg6 fxg6 30. Rc1 Qd2 31. Bf4 Qxe3 32. Bxe3 Bxe5 33. Re1 Bg3 34. Bxh6 Bxf2+ 35. Kxf2 Nd3+ 36. Ke2 Nxe1 37. Kxe1 Rd4 0-1